| 000 | 00432nam a22001697a 4500 | ||
|---|---|---|---|
| 999 |
_c7545 _d7543 |
||
| 005 | 20210306163724.0 | ||
| 008 | 210306b ||||| |||| 00| 0 eng d | ||
| 020 | _a978-93-83635-77-1 | ||
| 041 | _aeng | ||
| 082 | _a615.19 | ||
| 100 |
_aMANAVALAN , DR. R. AND RAMASAMY, DR.C _96487 |
||
| 245 | _aPHYSICAL PHARMACEUTICS | ||
| 260 |
_aHYDERABAD _bPHARMAMD PRESS _c2015 |
||
| 300 | _a376,p | ||
| 650 |
_aPHARMACY _96488 |
||
| 942 | _cBK | ||